[Event "Moscow Open 2009 B"]
[Site "www.moscowchessopen.ru"]
[Date "2009.02.01"]
[Round "2.76"]
[White "Manukyan, Sargis V"]
[Black "Kagner, Roman"]
[Result "1-0"]
[WhiteElo "2198"]
[BlackElo "1737"]
[Annotator ""]
[Source ""]
[Remark ""]

1.d4 d5 2.c4 e6 3.Nf3 Nf6 4.Nc3 Be7 5.Bf4 O-O 6.e3 b6 7.Rc1 Bb7
8.cxd5 exd5 9.Bd3 Nbd7 10.O-O Nh5 11.Bg3 Nxg3 12.hxg3 Nf6 13.Ne5
Bd6 14.Nb5 a6 15.Nxd6 Qxd6 16.g4 c5 17.g5 Ne4 18.Qh5 f6 19.g6
h6 20.Bxe4 fxe5 21.dxe5 Qe6 22.Bc2 b5 23.f4 d4 24.Qh3 Qxh3 25.gxh3
dxe3 26.Rce1 Rad8 27.Rxe3 Rd2 28.Be4 Bxe4 29.Rxe4 Rf5 30.Rf2
Rd3 31.Kg2 c4 32.Rf3 Rd2+ 33.Rf2 Rd3 34.Ree2 Kf8 35.Rf3 Rd4 36.Kg3
Ke7 37.Rff2 Rd3+ 38.Rf3 Rd4 39.b3 a5 40.bxc4 Rxc4 41.Rd2 h5 42.Rd5
Rb4 43.Rc5 Rb1 44.Rc7+ Ke8 45.Rxg7 Kf8 46.Rb7 b4 47.Rd3 Ke8 48.g7
Rg1+ 49.Kh2 Rg6 50.Rb8+ Kf7 51.Rd7+ Ke6 52.Rd6+ Kf7 53.Rb7+ Kg8
54.Rd8+ 1-0

[Event "Moscow Open 2009 B"]
[Site "www.moscowchessopen.ru"]
[Date "2009.02.01"]
[Round "2.77"]
[White "Dubonosov, Evgenij"]
[Black "Kuznetsov, Mikhail V"]
[Result "0-1"]
[WhiteElo "2082"]
[BlackElo "2196"]
[Annotator ""]
[Source ""]
[Remark ""]

1.d4 Nf6 2.c4 e6 3.Nc3 c5 4.d5 exd5 5.cxd5 d6 6.e4 g6 7.Be2 Bg7
8.Nf3 O-O 9.O-O Bg4 10.Nd2 Bxe2 11.Qxe2 Re8 12.Nc4 b5 13.Nxb5
Nxe4 14.Qc2 Na6 15.a3 Qd7 16.Nc3 Nxc3 17.bxc3 Nc7 18.Ne3 f5 19.g3
Re4 20.f3 Re5 21.Bd2 c4 22.Rab1 Na6 23.Rb2 Rae8 24.Re1 Qc7 25.Ng2
Qc5+ 26.Kf1 Rxe1+ 27.Nxe1 Qa5 28.Ng2 Qxd5 29.Kf2 Nc5 30.Ra2 Nd3+
31.Kg1 Re2 0-1

[Event "Moscow Open 2009 B"]
[Site "www.moscowchessopen.ru"]
[Date "2009.02.01"]
[Round "2.79"]
[White "Uraev, Ivan"]
[Black "Mazurov, Arslan"]
[Result "1-0"]
[WhiteElo "2194"]
[BlackElo "1553"]
[Annotator ""]
[Source ""]
[Remark ""]

1.Nf3 d5 2.g3 Nf6 3.Bg2 e6 4.O-O Bd6 5.d4 c6 6.b3 O-O 7.Bb2 Ne4
8.c4 f5 9.e3 Nd7 10.Qc2 Ndf6 11.Ne5 Bd7 12.f3 Ng5 13.Nd2 Rc8
14.c5 Bb8 15.b4 Nf7 16.Nxf7 Rxf7 17.e4 fxe4 18.fxe4 Qe7 19.Rae1
Rcf8 20.e5 Ng4 21.Nf3 Bc7 22.Bc1 Be8 23.h3 Nh6 24.Kh2 Rf5 25.g4
Rxf3 26.Bxf3 Bg6 27.Qg2 Nf7 28.g5 Bd8 29.h4 Bd3 30.Be2 Be4 31.Qg3
h6 32.gxh6 Qxh4+ 33.Qxh4 Bxh4 34.hxg7 Kxg7 35.Rg1+ Kh7 36.Ref1
Bf5 37.Bg4 Bd3 38.Rf3 1-0

[Event "Moscow Open 2009 B"]
[Site "www.moscowchessopen.ru"]
[Date "2009.02.01"]
[Round "2.81"]
[White "Rossal, Valeriy I"]
[Black "Trusov, Mikhail"]
[Result "1/2-1/2"]
[WhiteElo "2080"]
[BlackElo "2191"]
[Annotator ""]
[Source ""]
[Remark ""]

1.Nf3 Nf6 2.c4 c6 3.d4 d5 4.e3 e6 5.Bd3 Bd6 6.Qc2 Nbd7 7.Nc3
dxc4 8.Bxc4 O-O 9.O-O c5 10.Re1 cxd4 11.exd4 a6 12.Bg5 Qc7 13.Bd3
b5 14.Qe2 Bb7 15.Ne5 b4 16.Na4 Qa5 17.b3 Qd5 18.Nf3 Ng4 19.Be4
Qxe4 20.Qxe4 Bxe4 21.Rxe4 Ngf6 22.Ree1 Nd5 23.Rac1 Rac8 24.Nd2
Bf4 25.Bxf4 Nxf4 26.Rc4 Nd5 27.Rec1 N7b6 28.Nxb6 Nxb6 29.Rc6
Rfd8 30.R1c5 Rb8 31.Nf3 Kf8 32.g3 Nd5 33.Rxa6 Nc3 34.Kg2 Nb5
35.Rc4 Nd6 36.Rcc6 Nb5 37.Rc4 Nd6 38.Rc5 f6 39.Rcc6 Ke7 40.Nd2
Rbc8 41.Nc4 Rxc6 42.Rxc6 Nb5 43.Rb6 Nc3 44.Rxb4 Nxa2 45.Ra4 Nc3
46.Na5 Rd7 47.Nc6+ Kd6 48.Rc4 Nb5 49.Nb4 Na3 50.Rc6+ Ke7 51.Rb6
Kf7 52.Nc6 Nc2 53.h4 Nxd4 54.Nxd4 Rxd4 55.Rb7+ 1/2-1/2

[Event "Moscow Open 2009 B"]
[Site "www.moscowchessopen.ru"]
[Date "2009.02.01"]
[Round "2.83"]
[White "Semenychev, Alexandr"]
[Black "Yudkevich, Mikhail"]
[Result "1-0"]
[WhiteElo "2080"]
[BlackElo "2190"]
[Annotator ""]
[Source ""]
[Remark ""]

1.e4 e5 2.Nf3 Nc6 3.Bc4 Nf6 4.Ng5 d5 5.exd5 Na5 6.d3 h6 7.Nf3
e4 8.Qe2 Nxc4 9.dxc4 Bc5 10.O-O O-O 11.Nfd2 Re8 12.Nb3 Bd6 13.h3
Qe7 14.Nc3 a6 15.Bd2 b5 16.Na5 Bd7 17.Nb7 Be5 18.a4 b4 19.Nd1
a5 20.Be3 Bc8 21.Nc5 Bd6 22.Nb3 Ba6 23.Nxa5 Qe5 24.g3 Qxd5 25.cxd5
Bxe2 26.Nb3 Bxf1 27.Kxf1 Nxd5 28.Bd4 f5 29.a5 Ra6 30.Ne3 Nxe3+
31.Bxe3 Re5 32.Rd1 Kf7 33.h4 Rb5 34.Ke2 Kg6 35.Bd4 c5 36.Be3
c4 37.Nd2 c3 38.bxc3 bxc3 39.Nc4 Be7 40.Rd7 Bf6 41.Bb6 Rb1 42.Rd5
Rh1 43.Nd6 f4 44.Nxe4 fxg3 45.fxg3 Rb1 46.Nxf6 Kxf6 47.Rd6+ Kf5
48.Rc6 Rb5 49.Kf3 h5 50.Rxc3 g5 51.hxg5 Kxg5 52.Rc8 Kf5 53.Rh8
Ke6 54.c4 Rf5+ 55.Ke4 Rg5 56.Rh6+ Kd7 57.Kd4 Rxg3 58.Rxh5 Ra8
59.Rh7+ Kc8 60.c5 Rg8 61.Kd5 Kb8 62.Kc6 Rf8 63.Kb5 Rg8 64.a6
Rf8 65.a7+ Kc8 66.Rc7+ Kd8 67.Rf7+ Ke8 68.Rxf8+ Kxf8 69.Kc6 1-0

[Event "Moscow Open 2009 B"]
[Site "www.moscowchessopen.ru"]
[Date "2009.02.01"]
[Round "2.84"]
[White "Borodin, Stanislav"]
[Black "Kondratiev, Vissarion L"]
[Result "1/2-1/2"]
[WhiteElo "2077"]
[BlackElo "2188"]
[Annotator ""]
[Source ""]
[Remark ""]

1.Nf3 c5 2.c4 Nf6 3.Nc3 Nc6 4.g3 e5 5.d3 Be7 6.Bg2 O-O 7.O-O
d6 8.Bg5 Be6 9.h3 h6 10.Bxf6 Bxf6 11.Nd2 g6 12.Nd5 Bg7 13.Rb1
Qd7 14.Kh2 Rad8 15.a3 f5 16.f4 Ne7 17.Nxe7+ Qxe7 18.b4 b6 19.e3
Kh7 20.Qe2 d5 21.bxc5 dxc4 22.Nxc4 Bxc4 23.dxc4 Qxc5 24.a4 Rfe8
25.Rb5 Qa3 26.Rd1 exf4 27.gxf4 Rxd1 28.Qxd1 Qxe3 29.Qf3 Qd4 30.Rd5
Qxc4 31.a5 bxa5 32.Rxa5 Qc7 33.Ra4 Re7 34.Qc6 Qb8 35.Qa8 Qb6
36.Qc6 Qf2 37.Qf3 Qc2 38.Qc6 Qd2 39.Qd5 Qe1 40.Ra3 h5 41.Rf3
h4 42.Qd3 Bh6 43.Qf1 Qe6 44.Qf2 Qf6 45.Ra3 Qd6 46.Ra4 g5 47.Rxa7
gxf4 48.Rxe7+ Qxe7 49.Bf3 Bg7 50.Qe2 Qg5 51.Qg2 Qd8 52.Qc2 Qf6
53.Bg4 Kg6 1/2-1/2

[Event "Moscow Open 2009 B"]
[Site "www.moscowchessopen.ru"]
[Date "2009.02.01"]
[Round "2.85"]
[White "Anfinogenov, Artem"]
[Black "Kulagin, Maxim"]
[Result "0-1"]
[WhiteElo "2068"]
[BlackElo "2186"]
[Annotator ""]
[Source ""]
[Remark ""]

1.d4 e6 2.c4 Bb4+ 3.Nd2 d5 4.e3 Nf6 5.Bd3 O-O 6.Ngf3 b6 7.a3
Be7 8.O-O Bb7 9.Re1 Nbd7 10.Ne5 c5 11.Ndf3 Rc8 12.b3 dxc4 13.bxc4
Qc7 14.Bb2 Rfd8 15.Qe2 Be4 16.Bxe4 Nxe4 17.Nxd7 Qxd7 18.Ne5 Qb7
19.Rad1 Nf6 20.Rd3 Bd6 21.Red1 cxd4 22.Rxd4 Qc7 23.Qf3 h6 24.h3
Bxe5 25.Rxd8+ Rxd8 26.Rxd8+ Qxd8 27.Bxe5 Nd7 28.Qd1 Qc8 29.Qd6
Nxe5 30.Qxe5 Kh7 31.Qd4 Qf8 32.Qd3+ f5 33.Kf1 Qc5 34.Ke2 Qe5
35.f4 Qb2+ 36.Kf3 Qc1 37.e4 Kg6 38.exf5+ exf5 39.g4 Qh1+ 40.Kg3
Qg1+ 41.Kf3 Qc5 42.Kg3 a5 43.Kg2 Kf6 44.Qd8+ Ke6 45.Qg8+ Kf6
46.Qd8+ Kf7 47.Qd7+ Kg8 48.gxf5 Qxc4 49.Qe8+ Kh7 50.Qg6+ Kh8
51.Qe8+ Qg8 52.Qe6 b5 53.Kf3 b4 54.axb4 axb4 55.Ke4 Qd8 56.Qb3
Qd6 57.Qe6 Qd8 58.Qb3 Qb8 59.Ke3 Qb6+ 60.Ke4 Qc6+ 61.Ke3 Qc5+
62.Ke4 Qb5 63.Qe6 b3 64.Qc8+ Kh7 65.Qc1 b2 66.Qb1 Qc4+ 0-1

[Event "Moscow Open 2009 B"]
[Site "www.moscowchessopen.ru"]
[Date "2009.02.01"]
[Round "2.88"]
[White "Zarivkina, Victorya"]
[Black "Medvedev, Vladimir"]
[Result "1/2-1/2"]
[WhiteElo "2058"]
[BlackElo "2182"]
[Annotator ""]
[Source ""]
[Remark ""]

1.e4 Nc6 2.d4 e5 3.d5 Nce7 4.c4 d6 5.g3 f5 6.Nc3 Nf6 7.Bg2 Ng6
8.Nge2 Be7 9.O-O O-O 10.f4 exf4 11.Nxf4 Nxf4 12.Bxf4 Ng4 13.h3
Ne5 14.Bxe5 dxe5 15.exf5 Bc5+ 16.Kh2 Bxf5 17.Qe2 Bd4 18.Nb5 Qd7
19.Rad1 Rae8 20.g4 a6 21.Nxd4 exd4 22.Qd2 Bg6 23.Rxf8+ Rxf8 24.Qxd4
Qd6+ 25.Kh1 Rf4 26.Qc3 Qc5 27.b3 b5 28.Qe5 Qf8 29.Qxc7 Be4 30.Rg1
h5 31.gxh5 Qf5 32.Kh2 Rf2 33.Qb8+ Kh7 34.Qg3 Rxa2 35.Qg6+ Qxg6
36.hxg6+ Kxg6 37.cxb5 axb5 38.Kg3 Bxg2 39.Rxg2 Rxg2+ 40.Kxg2
Kf5 41.Kf3 Ke5 42.d6 Kxd6 43.Ke4 1/2-1/2

[Event "Moscow Open 2009 B"]
[Site "www.moscowchessopen.ru"]
[Date "2009.02.01"]
[Round "2.89"]
[White "Romanov, Stanislav"]
[Black "Dzhangobegov, Vladimir"]
[Result "0-1"]
[WhiteElo "2058"]
[BlackElo "2180"]
[Annotator ""]
[Source ""]
[Remark ""]

1.e4 c5 2.a3 g6 3.h4 h6 4.Bc4 Nc6 5.h5 g5 6.c3 Bg7 7.b4 d6 8.Nf3
Nf6 9.b5 Na5 10.Qa4 Nxc4 11.Qxc4 Be6 12.Qe2 c4 13.Nd4 Qd7 14.a4
Ng4 15.Na3 Ne5 16.Nac2 Nd3+ 17.Kf1 f5 18.exf5 Bxf5 19.Nxf5 Qxf5
20.Ne3 Qf7 21.g3 O-O 22.Rh2 d5 23.Nc2 e5 24.Ba3 Rfe8 25.Ne1 e4
26.Nxd3 exd3 27.Qg4 Re4 28.Qh3 Rae8 29.Bc5 d4 30.Bxd4 Bxd4 31.cxd4
Qf3 32.Qd7 Re1+ 0-1

[Event "Moscow Open 2009 B"]
[Site "www.moscowchessopen.ru"]
[Date "2009.02.01"]
[Round "2.91"]
[White "Sakharov, Lev"]
[Black "Sangadzhiev, German"]
[Result "1-0"]
[WhiteElo "2057"]
[BlackElo "2180"]
[Annotator ""]
[Source ""]
[Remark ""]

1.d4 Nf6 2.c4 e6 3.Nf3 d5 4.Nc3 c6 5.Bg5 Nbd7 6.e3 Be7 7.Qc2
O-O 8.cxd5 exd5 9.Bd3 Re8 10.O-O Nf8 11.Rab1 g6 12.b4 a6 13.a4
Ne6 14.Bh4 Ng7 15.b5 axb5 16.axb5 Bf5 17.bxc6 bxc6 18.Ne5 Bxd3
19.Qxd3 Rc8 20.Rb7 Rc7 21.Rxc7 Qxc7 22.Qa6 Ng4 23.Nxg4 Bxh4 24.Rb1
Nf5 25.Ne5 Rxe5 26.dxe5 Qxe5 27.Qd3 Bf6 28.Rc1 Be7 29.Ne2 c5
30.Rd1 Bd6 31.g3 Qb2 32.Rd2 Qa1+ 33.Rd1 Qb2 34.Rd2 Qa1+ 35.Kg2
h5 36.Qxd5 h4 37.Ng1 hxg3 38.hxg3 Qf6 39.Nf3 Bf8 40.Qa8 Kg7 41.Rd8 1-0

[Event "Moscow Open 2009 B"]
[Site "www.moscowchessopen.ru"]
[Date "2009.02.01"]
[Round "2.94"]
[White "Borisovsky, Viktor"]
[Black "Leonov, Vladislav"]
[Result "1-0"]
[WhiteElo "2041"]
[BlackElo "2176"]
[Annotator ""]
[Source ""]
[Remark ""]

1.d4 c5 2.e3 Nf6 3.c4 g6 4.Nc3 Bg7 5.g3 O-O 6.Bg2 Na6 7.Nge2
d6 8.f4 Rb8 9.O-O cxd4 10.exd4 Nc7 11.d5 Bg4 12.h3 Bxe2 13.Nxe2
b5 14.Nd4 bxc4 15.Nc6 Qd7 16.Nxb8 Rxb8 17.a4 e6 18.dxe6 fxe6
19.Qd4 d5 20.Qxa7 Ra8 21.Qc5 Na6 22.Qb6 Bf8 23.Be3 Qd6 24.Qd4
Bg7 25.Qd2 Nb4 26.Bd4 Nd3 27.Qc3 Nh5 28.Bxg7 Nxg7 29.b3 Qb6+
30.Kh2 Qxb3 31.Qxb3 cxb3 32.Rfd1 Nb4 33.Rab1 Rxa4 34.Rxb3 Nf5
35.Rdb1 Nc6 36.Rb6 Nfe7 37.Rc1 Nd4 38.Rc7 Kf8 39.Rb8+ Kf7 40.Rbb7
Ra2 41.Rxe7+ Kf8 42.g4 h5 43.Rec7 Rc2 44.Rb8# 1-0

[Event "Moscow Open 2009 B"]
[Site "www.moscowchessopen.ru"]
[Date "2009.02.01"]
[Round "2.96"]
[White "Rossinskaya, Ljudmilla"]
[Black "Radomsky, Viacheslav G"]
[Result "1/2-1/2"]
[WhiteElo "1938"]
[BlackElo "2175"]
[Annotator ""]
[Source ""]
[Remark ""]

1.e4 c5 2.Nf3 d6 3.d4 cxd4 4.Nxd4 Nf6 5.Nc3 a6 6.Be2 e5 7.Nb3
Be7 8.O-O Qc7 9.a4 b6 10.Be3 Nbd7 11.Kh1 Bb7 12.f3 Rc8 13.Bd3
O-O 14.Qe2 d5 15.exd5 Bb4 16.Na2 Nxd5 17.Nxb4 Nxb4 18.c3 Nxd3
19.Qxd3 Rcd8 20.Qe2 Bd5 21.Nd2 Qb7 22.c4 Be6 23.Ne4 Qc6 24.b3
h6 25.Rfd1 Nc5 26.Bxc5 bxc5 27.Nc3 Qb6 28.Qc2 Rd4 29.Ne2 Rxd1+
30.Rxd1 Rb8 31.Nc1 Rd8 32.Rxd8+ Qxd8 33.h3 Qg5 34.Qc3 Bf5 35.Ne2
e4 36.f4 Qd8 37.Qe3 g6 38.Kg1 h5 39.Kf2 Qd1 40.Ng3 Qc2+ 41.Ne2
h4 42.Qc3 Qd1 43.Nc1 Qd4+ 44.Qe3 Qb2+ 45.Ne2 Be6 46.Qc3 Qb1 47.Nc1
Kf8 48.Ke3 Ke7 49.Kd2 Kd7 50.Ke3 Bf5 51.Ne2 Kc6 52.Nc1 Kd7 53.Qd2+ 1/2-1/2

[Event "Moscow Open 2009 B"]
[Site "www.moscowchessopen.ru"]
[Date "2009.02.01"]
[Round "2.97"]
[White "Nepomnin, Vladilen"]
[Black "Menshikov, Alexander"]
[Result "0-1"]
[WhiteElo "1888"]
[BlackElo "2174"]
[Annotator ""]
[Source ""]
[Remark ""]

1.e4 c5 2.Nf3 Nc6 3.d4 cxd4 4.Nxd4 e5 5.Nb5 d6 6.N1c3 a6 7.Na3
b5 8.Nd5 Nge7 9.c3 Nxd5 10.exd5 Ne7 11.Be2 Ng6 12.O-O Be7 13.Be3
Bg5 14.Qd2 Bxe3 15.Qxe3 O-O 16.g3 Bh3 17.Rfe1 f5 18.Qf3 Bg4 19.Qg2
Bxe2 20.Rxe2 f4 21.f3 fxg3 22.hxg3 Rf6 23.Nc2 Nh4 24.Qh3 Nxf3+
25.Kg2 Qe7 26.Ne3 Raf8 27.Rh1 Ng5 28.Qg4 h6 29.Rf1 Rxf1 30.Nxf1
Qf6 31.Nh2 e4 32.Qd7 Qe5 33.Qb7 e3 34.a3 Qe4+ 35.Kg1 Nh3# 0-1

[Event "Moscow Open 2009 B"]
[Site "www.moscowchessopen.ru"]
[Date "2009.02.01"]
[Round "2.102"]
[White "Abdrakhmanov, Ramiss"]
[Black "Nikologorskiy, Konstantin"]
[Result "1/2-1/2"]
[WhiteElo "1863"]
[BlackElo "2168"]
[Annotator ""]
[Source ""]
[Remark ""]

1.Nf3 Nf6 2.g3 g6 3.Bg2 Bg7 4.d3 O-O 5.e4 c5 6.O-O Nc6 7.Nbd2
Qc7 8.c3 d5 9.Qe2 dxe4 10.dxe4 e5 11.Nb3 b6 12.Be3 Bb7 13.Nfd2
Nd7 14.f4 exf4 15.gxf4 f6 16.Bf2 Rfe8 17.Bg3 Rad8 18.Rad1 Nf8
19.Na1 Qc8 20.Nc2 Ba6 21.c4 Nd4 22.Nxd4 Rxd4 23.b3 Bb7 24.Rfe1
Ne6 25.Nb1 Bh6 26.Qf2 1/2-1/2

[Event "Moscow Open 2009 B"]
[Site "www.moscowchessopen.ru"]
[Date "2009.02.01"]
[Round "2.104"]
[White "Vavulin, Maksim"]
[Black "Nefedov, Sergey"]
[Result "1-0"]
[WhiteElo "1857"]
[BlackElo "2166"]
[Annotator ""]
[Source ""]
[Remark ""]

1.e4 d5 2.exd5 Nf6 3.Nf3 Qxd5 4.Nc3 Qa5 5.Be2 e5 6.O-O e4 7.Nd4
Qe5 8.Nb3 Bd6 9.g3 O-O 10.d3 exd3 11.cxd3 Bh3 12.Re1 Nc6 13.d4
Qf5 14.Bd3 Qd7 15.Bg5 Be7 16.Bxf6 Bxf6 17.d5 Ne7 18.Nc5 Qc8 19.Qc2
Ng6 20.N5e4 Be7 21.Nb5 Ne5 22.Ng5 Bxg5 23.Bxh7+ Kh8 24.Rxe5 Bf6
25.Rh5 Qg4 26.Qf5 Rfe8 27.Rxh3 Qb4 28.Qh5 Bg5 29.Qxg5 Qxb5 30.Bd3+ 1-0

[Event "Moscow Open 2009 B"]
[Site "www.moscowchessopen.ru"]
[Date "2009.02.01"]
[Round "2.105"]
[White "Ramazashvili, Rainer"]
[Black "Golynsky, Yuri"]
[Result "1/2-1/2"]
[WhiteElo "1841"]
[BlackElo "2164"]
[Annotator ""]
[Source ""]
[Remark ""]

1.e4 e5 2.Nf3 Nc6 3.d4 exd4 4.Bc4 d6 5.c3 d3 6.O-O h6 7.Bf4 g5
8.Bg3 Bg7 9.Re1 Ne5 10.Nbd2 Qe7 11.Nd4 Nf6 12.N2f3 O-O 13.Nf5
Bxf5 14.exf5 Nfd7 15.Bxd3 Qd8 16.Be4 Nc5 17.Nxe5 Bxe5 18.Bxe5
dxe5 19.Bd5 c6 20.Bc4 Qf6 21.b4 Rad8 22.Qf3 e4 23.Qh5 Nd3 24.Rxe4
Qxf5 25.f3 Kg7 26.h4 Nf4 27.Qg4 Qxg4 28.fxg4 Rd2 29.Bf1 Rfd8
30.hxg5 hxg5 31.Re7 b5 32.Rxa7 Rc2 33.a4 bxa4 34.R7xa4 1/2-1/2

[Event "Moscow Open 2009 B"]
[Site "www.moscowchessopen.ru"]
[Date "2009.02.01"]
[Round "2.108"]
[White "Magdalinskaya, Evgenia"]
[Black "Manelyuk, Nikita"]
[Result "1/2-1/2"]
[WhiteElo "1800"]
[BlackElo "2162"]
[Annotator ""]
[Source ""]
[Remark ""]

1.Nf3 Nf6 2.b3 b6 3.Bb2 Bb7 4.e3 e6 5.d4 Be7 6.Be2 O-O 7.O-O
Ne4 8.c4 a5 9.Nbd2 f5 10.Rc1 a4 11.Ne5 axb3 12.axb3 Ra2 13.Nd3
Nxd2 14.Qxd2 Rf6 15.Ra1 Rxa1 16.Rxa1 Rh6 17.Ne5 Bd6 18.g3 Bxe5
19.dxe5 Qg5 20.f4 Qd8 21.b4 Rg6 22.Ra7 Be4 23.Bd3 Nc6 24.Ra3
h5 25.Bxe4 fxe4 26.b5 Na5 27.Qd4 d5 28.cxd5 Qxd5 29.Qxd5 exd5
30.Ra4 h4 31.Kf2 hxg3+ 32.hxg3 Rh6 33.Kg2 Nb3 34.Ra6 Nd2 1/2-1/2

[Event "Moscow Open 2009 B"]
[Site "www.moscowchessopen.ru"]
[Date "2009.02.01"]
[Round "2.120"]
[White "Kleiman, B"]
[Black "Sokolov, Boris"]
[Result "1-0"]
[WhiteElo "2295"]
[BlackElo "2015"]
[Annotator ""]
[Source ""]
[Remark ""]

1.e4 c5 2.Nf3 Nc6 3.d4 cxd4 4.Nxd4 e5 5.Nb5 a6 6.Nd6+ Bxd6 7.Qxd6
Qf6 8.Qd1 Qg6 9.Nc3 Nge7 10.h4 d6 11.h5 Qf6 12.Be3 Be6 13.Qd2
h6 14.O-O-O Rd8 15.Nd5 Bxd5 16.exd5 Nb8 17.Rh3 Nf5 18.Rf3 Nxe3
19.Rxf6 Nxf1 20.Rxf1 gxf6 21.f4 Nd7 22.Qb4 Nc5 23.fxe5 fxe5 24.Qg4
Ke7 25.b4 Nd7 26.Qg7 Rdf8 27.g4 Rhg8 28.Rxf7+ Rxf7 29.Qxg8 Nf6
30.Qc8 Nxd5 31.Qxb7+ Ke6 32.Qc8+ Ke7 33.Qxa6 Rf4 34.a3 e4 35.c4
Nf6 36.c5 dxc5 37.bxc5 e3 38.Qd6+ 1-0

[Event "Moscow Open 2009 B"]
[Site "www.moscowchessopen.ru"]
[Date "2009.02.01"]
[Round "2.121"]
[White "Volkov, Sergei"]
[Black "Smagin, Nikita"]
[Result "1/2-1/2"]
[WhiteElo "2286"]
[BlackElo "2034"]
[Annotator ""]
[Source ""]
[Remark ""]

1.Nf3 Nf6 2.d4 g6 3.Bf4 Bg7 4.h3 O-O 5.e3 b6 6.Nbd2 Bb7 7.Be2
d6 8.O-O Nbd7 9.c3 Re8 10.Bh2 e5 11.dxe5 dxe5 12.Nc4 e4 13.Nd4
a6 14.a4 Rc8 15.Qc2 Nd5 16.Rfd1 Qg5 17.Rd2 Ne5 18.Nxe5 Bxe5 19.Bxe5
Qxe5 20.Rad1 c5 21.Nb3 c4 1/2-1/2

[Event "Moscow Open 2009 B"]
[Site "www.moscowchessopen.ru"]
[Date "2009.02.01"]
[Round "2.122"]
[White "Grinenko, Viktor"]
[Black "Chapurin, A"]
[Result "0-1"]
[WhiteElo "1994"]
[BlackElo "2280"]
[Annotator ""]
[Source ""]
[Remark ""]

1.d4 d5 2.c4 c6 3.Nf3 Nf6 4.e3 g6 5.Nc3 Bg7 6.Bd3 O-O 7.O-O a6
8.b3 Bf5 9.Bb2 Nbd7 10.Rc1 b5 11.Bxf5 gxf5 12.Qd3 e6 13.Ba3 Re8
14.cxd5 cxd5 15.Bd6 Ne4 16.Bg3 Rc8 17.Nd2 Bf8 18.Ndxe4 dxe4 19.Qe2
Qa5 20.Nb1 Nf6 21.f3 Bh6 22.Be1 Qb6 23.Rxc8 Rxc8 24.Bh4 Nd5 25.Bf2
Bg7 26.g4 f4 27.fxe4 Nxe3 28.Bxe3 fxe3 29.Rd1 Bxd4 30.Na3 e5
31.Kg2 Qc5 32.b4 Qb6 33.Qf3 Qe6 34.Qe2 Qg6 35.Qf3 Rc3 36.Nb1
Rc2+ 0-1

[Event "Moscow Open 2009 B"]
[Site "www.moscowchessopen.ru"]
[Date "2009.02.01"]
[Round "2.123"]
[White "Kirillov, Igor"]
[Black "Bessarab, Vsevolod"]
[Result "1-0"]
[WhiteElo "2277"]
[BlackElo "1990"]
[Annotator ""]
[Source ""]
[Remark ""]

1.e4 e5 2.Nf3 Nc6 3.Bb5 f5 4.Nc3 fxe4 5.Nxe4 d5 6.Nxe5 dxe4 7.Nxc6
Qd5 8.c4 Qd6 9.Qh5+ g6 10.Qe5+ Qxe5 11.Nxe5+ c6 12.Ba4 Bg7 13.d4
exd3 14.Bf4 g5 15.Bg3 Nf6 16.Nxd3 Bf5 17.O-O-O O-O-O 18.Bc2 Rhe8
19.Rhe1 Rxe1 20.Nxe1 Rxd1+ 21.Kxd1 Ne4 22.f3 Nxg3 23.hxg3 Be6
24.b3 h5 25.Bg6 h4 26.gxh4 gxh4 27.Bh5 1-0

[Event "Moscow Open 2009 B"]
[Site "www.moscowchessopen.ru"]
[Date "2009.02.01"]
[Round "2.124"]
[White "Grishaev, Igor"]
[Black "Musaev, Mansur"]
[Result "0-1"]
[WhiteElo "2010"]
[BlackElo "2266"]
[Annotator ""]
[Source ""]
[Remark ""]

1.e4 c5 2.Nf3 d6 3.d4 cxd4 4.Nxd4 Nf6 5.Nc3 a6 6.Be3 e5 7.Nb3
Be6 8.f3 Be7 9.Qd2 O-O 10.O-O-O Nbd7 11.g4 Qc7 12.Kb1 Rfc8 13.Nd5
Bxd5 14.exd5 Nb6 15.Bxb6 Qxb6 16.h4 a5 17.a3 a4 18.Nc1 Ra5 19.c4
Nd7 20.g5 Qc7 21.h5 Rf8 22.g6 h6 23.gxf7+ Rxf7 24.Bh3 Nf8 25.Rdg1
Bg5 26.Qd3 Rc5 27.Bf5 Rxc4 28.Ne2 b5 29.Bg6 Re7 30.Nc3 b4 31.Nb5
Qc5 32.Nxd6 Rd4 33.Qa6 bxa3 34.Nf5 Ra7 35.Qe2 Rd2 36.Qe4 Rb7
37.Bf7+ Kxf7 38.Nxh6+ Bxh6 39.Rxg7+ Bxg7 40.Qf5+ Kg8 0-1

[Event "Moscow Open 2009 B"]
[Site "www.moscowchessopen.ru"]
[Date "2009.02.01"]
[Round "2.125"]
[White "Kazakov, Konstantin"]
[Black "Beliaev, Vitaly"]
[Result "1/2-1/2"]
[WhiteElo "2265"]
[BlackElo "2007"]
[Annotator ""]
[Source ""]
[Remark ""]

1.e4 c5 2.Nf3 e6 3.d4 cxd4 4.Nxd4 Nf6 5.Bd3 Nc6 6.Nxc6 dxc6 7.Nd2
e5 8.Nc4 Bd6 9.O-O O-O 10.Bg5 b5 11.Ne3 Be6 12.a4 a6 13.axb5
cxb5 14.Qf3 Qe7 15.Rad1 Bc7 16.Rfe1 h6 17.Bh4 Rad8 18.c3 Rd7
19.Bc2 Rfd8 20.Ra1 a5 21.Rad1 Rxd1 22.Rxd1 Rxd1+ 23.Qxd1 Qd7
24.Bxf6 Qxd1+ 25.Bxd1 gxf6 26.Be2 Bd7 27.Nd5 Bd8 28.g4 Kg7 29.Kf1
Bc6 1/2-1/2

[Event "Moscow Open 2009 B"]
[Site "www.moscowchessopen.ru"]
[Date "2009.02.01"]
[Round "2.126"]
[White "Voronkov, Denis"]
[Black "Andreev, Viktor"]
[Result "0-1"]
[WhiteElo "1960"]
[BlackElo "2258"]
[Annotator ""]
[Source ""]
[Remark ""]

1.d4 Nf6 2.Nf3 g6 3.Bg5 Bg7 4.e3 d6 5.Be2 c5 6.O-O O-O 7.c4 Nc6
8.Nc3 h6 9.Bh4 g5 10.Bg3 Nh5 11.d5 Nxg3 12.hxg3 Ne5 13.Nxe5 Bxe5
14.f4 Bg7 15.fxg5 hxg5 16.Bd3 g4 17.Bf5 e6 18.dxe6 fxe6 19.Bxg4
Rxf1+ 20.Qxf1 Qg5 21.Qf4 Qxf4 22.gxf4 Bxc3 23.bxc3 Kf7 24.Kf2
b6 25.Bf3 Rb8 26.Rh1 Kg8 27.Rd1 Ba6 28.Be2 Rd8 29.e4 Kf7 30.g4
Rh8 31.Kg3 Ke7 32.Bd3 Bc8 33.g5 Rh5 34.Be2 Rh8 35.Bg4 Bb7 36.Re1
Ba6 37.Be2 Bb7 0-1

[Event "Moscow Open 2009 B"]
[Site "www.moscowchessopen.ru"]
[Date "2009.02.01"]
[Round "2.127"]
[White "Tarasova, Viktoriya"]
[Black "Nastashuk, Stanislav"]
[Result "1-0"]
[WhiteElo "2257"]
[BlackElo "1936"]
[Annotator ""]
[Source ""]
[Remark ""]

1.d4 Nf6 2.c4 e6 3.Nc3 Bb4 4.Nf3 b6 5.Bg5 Bb7 6.Nd2 h6 7.Bh4
Bxc3 8.bxc3 d6 9.f3 Nbd7 10.e4 e5 11.Bd3 Qe7 12.Qe2 g5 13.Bf2
c5 14.d5 Nf8 15.Nf1 Ng6 16.g3 Bc8 17.Ne3 Ng8 18.Nf5 Qf6 19.h4
N8e7 20.hxg5 hxg5 21.Rxh8+ Nxh8 22.Qc2 Nxf5 23.exf5 Qh6 24.O-O-O
f6 25.Be3 Qh3 26.Rg1 Nf7 27.Qd1 Ke7 28.Qe1 Bd7 29.Rh1 Qg2 30.Be2
Rh8 31.Rxh8 Nxh8 32.g4 Nf7 33.Qf1 Qxf1+ 34.Bxf1 Nd8 35.Bd3 Nb7
36.Bc2 Na5 37.Bb3 Bc8 38.Kd2 Ba6 39.Kd3 1-0

[Event "Moscow Open 2009 B"]
[Site "www.moscowchessopen.ru"]
[Date "2009.02.01"]
[Round "2.128"]
[White "Obrezchikov, Mikhail"]
[Black "Orlov, Evgeny"]
[Result "1/2-1/2"]
[WhiteElo "1983"]
[BlackElo "2233"]
[Annotator ""]
[Source ""]
[Remark ""]

1.d4 f5 2.g3 Nf6 3.Bg2 g6 4.Nd2 Bg7 5.e4 fxe4 6.Nxe4 Nxe4 7.Bxe4
O-O 8.Ne2 d5 9.Bg2 Bg4 10.c3 c6 11.O-O e5 12.dxe5 Bxe5 13.f3
Bd7 14.Be3 Na6 15.Qd2 Qe7 16.Rae1 Nc7 17.b4 Rfe8 18.Nd4 Qg7 19.Kh1
Ne6 20.Ne2 Nc7 21.Nd4 1/2-1/2

[Event "Moscow Open 2009 B"]
[Site "www.moscowchessopen.ru"]
[Date "2009.02.01"]
[Round "2.129"]
[White "Yakimov, S Y"]
[Black "Stoljarov, Dmitriy"]
[Result "1-0"]
[WhiteElo "2212"]
[BlackElo "1983"]
[Annotator ""]
[Source ""]
[Remark ""]

1.d4 d5 2.Nf3 Nf6 3.e3 c6 4.Bd3 e6 5.O-O Bd6 6.Nbd2 O-O 7.b3
Nbd7 8.Bb2 Re8 9.Ne5 Bb8 10.f4 Nxe5 11.fxe5 Nd7 12.Bxh7+ Kxh7
13.Qh5+ Kg8 14.Qxf7+ Kh8 15.Rf3 1-0

[Event "Moscow Open 2009 B"]
[Site "www.moscowchessopen.ru"]
[Date "2009.02.01"]
[Round "2.130"]
[White "Nikologorsky, Matfei"]
[Black "Procop, Egor"]
[Result "1-0"]
[WhiteElo "2196"]
[BlackElo "1739"]
[Annotator ""]
[Source ""]
[Remark ""]

1.e4 e6 2.d4 d5 3.Nd2 Nf6 4.e5 Nfd7 5.Ngf3 c5 6.c3 Nc6 7.Be2
Qb6 8.Nb3 g6 9.O-O Bg7 10.a4 cxd4 11.cxd4 O-O 12.a5 Qd8 13.Bg5
f6 14.exf6 Bxf6 15.Qd2 Qe8 16.Rfe1 Qf7 17.Bf1 Bg7 18.Bh6 Nf6
19.Nc5 Re8 20.Bb5 Nd7 21.a6 Nxc5 22.dxc5 Rb8 23.axb7 Bxb7 24.Bxg7
Qxg7 25.Ng5 Qf6 26.Bxc6 Bxc6 27.Rxa7 Rxb2 28.Nxh7 Qh8 29.Qg5
Qxh7 30.Rxh7 Kxh7 31.Qh4+ Kg8 32.Qf6 Rb5 33.Qxg6+ Kf8 34.h4 Rxc5
35.Qf6+ Kg8 36.Re5 Rc1+ 37.Kh2 Rh1+ 38.Kxh1 Re7 39.Rg5+ Kh7 40.Qxe7+ 1-0

[Event "Moscow Open 2009 B"]
[Site "www.moscowchessopen.ru"]
[Date "2009.02.01"]
[Round "2.132"]
[White "Malyshev, Roman"]
[Black "Stroganov, Andrey"]
[Result "1-0"]
[WhiteElo "2154"]
[BlackElo "1915"]
[Annotator ""]
[Source ""]
[Remark ""]

1.d4 e6 2.c4 b6 3.Nf3 Bb7 4.g3 Nf6 5.Bg2 c5 6.dxc5 Bxc5 7.O-O
O-O 8.Nc3 a6 9.Qc2 Be7 10.Re1 Qc7 11.Qb3 d6 12.Be3 Nbd7 13.Rac1
Ng4 14.Bd4 Bf6 15.Na4 Bxd4 16.Nxd4 Ngf6 17.Rcd1 d5 18.cxd5 Bxd5
19.Qc3 Qb7 20.Qd2 Nc5 21.Nc3 Nce4 22.Nxe4 Bxe4 1-0